000 00438nam a22001817a 4500
005 20240419123944.0
008 230831b |||||||| |||| 00| 0 eng d
020 _a9780190700478
082 _a330.95491805
_bHUS-E
100 _aHusain,Ishrat
245 _aTHE ECONOMY OF MODREN SINDH
260 _aUSA
_bOXFORD
_c2019
300 _a462
500 _aINCLUIDE INDEX
650 _aEconomics
700 _aIshrat Husain
999 _c33361
_d33361